El derecho a la vivienda frente a la obligación de restitución del inmueble : (Registro nro. 6340)
[ vista simple ]
| 000 -LEADER | |
|---|---|
| fixed length control field | 01624nab a22002777a 4500 |
| 003 - CONTROL NUMBER IDENTIFIER | |
| control field | OSt |
| 005 - DATE AND TIME OF LATEST TRANSACTION | |
| control field | 20260130215329.0 |
| 008 - FIXED-LENGTH DATA ELEMENTS--GENERAL INFORMATION | |
| fixed length control field | 190603e xxum|||| |||| 00| 0 spa d |
| 040 ## - CATALOGING SOURCE | |
| Transcribing agency | PJ |
| 100 ## - MAIN ENTRY--PERSONAL NAME | |
| 9 (RLIN) | 6419 |
| Personal name | Pirchio, Federico Carlos |
| 245 13 - TITLE STATEMENT | |
| Title | El derecho a la vivienda frente a la obligación de restitución del inmueble : |
| Remainder of title | análisis del caso desde el paradigma del Estado de derecho constitucional-convencional / |
| Statement of responsibility, etc | Federico Carlos Pirchio. |
| 260 ## - PUBLICATION, DISTRIBUTION, ETC. (IMPRINT) | |
| Date of publication, distribution, etc | Ciudad Autónoma de Buenos Aires : |
| Place of publication, distribution, etc | Thomson Reuters La Ley, |
| Name of publisher, distributor, etc | 2025. |
| 300 ## - PHYSICAL DESCRIPTION | |
| Extent | p. 222-230 |
| 500 ## - GENERAL NOTE | |
| General note | Cita: TR LALEY AR/DOC/2250/2025 <br/>Publicado en: RCCyC 2025 (Octubre). |
| 505 ## - FORMATTED CONTENTS NOTE | |
| Formatted contents note | Sumario: I. El fallo en análisis y la problemática planteada.— II. La resolución del caso a la luz del paradigma del Estado de derecho constitucional-convencional.— III. La construcción de la respuesta jurídica en el caso bajo análisis.— IV. La vulnerabilidad como eje transversal del derecho privado.— V. Conclusión. |
| 505 ## - FORMATTED CONTENTS NOTE | |
| Formatted contents note | Fallo comentado: CNCiv., sala K ~ 05/05/2025 ~ F., C. A. c. C. Q., R. A. y otros s/ reivindicación. |
| 505 ## - FORMATTED CONTENTS NOTE | |
| Title | ¿Te interesa el texto completo? Solicitalo al correo: koha@justierradelfuego.gov.ar |
| 650 #0 - SUBJECT ADDED ENTRY--TOPICAL TERM | |
| 9 (RLIN) | 1497 |
| Topical term or geographic name as entry element | CODIGO CIVIL Y COMERCIAL |
| 650 #0 - SUBJECT ADDED ENTRY--TOPICAL TERM | |
| 9 (RLIN) | 6327 |
| Topical term or geographic name as entry element | DERECHO DE PROPIEDAD |
| 650 #0 - SUBJECT ADDED ENTRY--TOPICAL TERM | |
| 9 (RLIN) | 178 |
| Topical term or geographic name as entry element | DERECHO CONSTITUCIONAL |
| 650 #0 - SUBJECT ADDED ENTRY--TOPICAL TERM | |
| 9 (RLIN) | 5362 |
| Topical term or geographic name as entry element | VIVIENDA FAMILIAR |
| 650 #0 - SUBJECT ADDED ENTRY--TOPICAL TERM | |
| 9 (RLIN) | 2274 |
| Topical term or geographic name as entry element | BIENES INMUEBLES |
| 650 #0 - SUBJECT ADDED ENTRY--TOPICAL TERM | |
| Topical term or geographic name as entry element | ACCION REIVINDICATORIA |
| 773 0# - HOST ITEM ENTRY | |
| Host Biblionumber | 2713 |
| Host Itemnumber | 3170 |
| Place, publisher, and date of publication | Ciudad Autónoma de Buenos Aires : Thomson Reuters La Ley, 2015- |
| Title | Revista Código Civil y Comercial. Nº 5 - Octubre 2025 |
| 942 ## - ADDED ENTRY ELEMENTS (KOHA) | |
| Source of classification or shelving scheme | |
| Koha item type | Analítica Artículo de Revista |
No hay ítems disponibles.
